Ausentismo factorial versus ausentismo causal /

Shranjeno v:
Bibliografske podrobnosti
Glavni avtor: Lombardo, Miguel A.
Format: Texto
Oznake: Označite
Brez oznak, prvi označite!

MARC

LEADER 00000 a a2200000 04500
001 46944
003
040 |a CRAI/IIS  |c CRAI/IIS 
100 |a Lombardo, Miguel A.  
245 |a Ausentismo factorial versus ausentismo causal /  |c Miguel A. Lombardo  
773 |g volumen1, número1, (1999), páginas 127-137  
999 |c 19695  |d 19695